Normal view
MARC view
Entry Topical Term
001 - CONTROL NUMBER
- control field: 34927
003 - CONTROL NUMBER IDENTIFIER
- control field: OSt
005 - DATE AND TIME OF LATEST TRANSACTION
- control field: 20160128145546.0
008 - FIXED-LENGTH DATA ELEMENTS
- fixed length control field: 160128|| aca||aabn | a|a d
040 ## - CATALOGING SOURCE
- Original cataloging agency: OSt
- Transcribing agency: OSt
150 ## - HEADING--TOPICAL TERM
- Topical term or geographic name entry element: Millitary Science
670 ## - SOURCE DATA FOUND
- Source citation: Work cat.: (OSt)30819: लाल डॉ. एम. बी 33939, एन. ई. आर. परीक्षा , 2003









